ბათუმის შოთა რუსთაველის სახელმწიფო უნივერსიტეტის ბიბლიოთეკა

კილოს კატეგორია და სინტაქსის ზოგიერთი საკითხი ქართულში (ბიბ.ჩანაწერი № 52464)

000 -LEADER
fixed length control field 01010nam a2200241Ia 4500
001 - CONTROL NUMBER
control field 19487
003 - CONTROL NUMBER IDENTIFIER
control field GE_BSU
008 - FIXED-LENGTH DATA ELEMENTS--GENERAL INFORMATION
fixed length control field 181216s||||||||xx |||||||||||||| ||und||
040 ## - CATALOGING SOURCE
Transcribing agency GE_BSU
080 ## - UNIVERSAL DECIMAL CLASSIFICATION NUMBER
Universal Decimal Classification number 811.353.1'367
100 ## - MAIN ENTRY--PERSONAL NAME
Personal name კოტინოვი, ნ.
245 ## - TITLE STATEMENT
Title კილოს კატეგორია და სინტაქსის ზოგიერთი საკითხი ქართულში
245 ## - TITLE STATEMENT
Statement of responsibility, etc. რედაქტორი: ე. პოლოლიკაშვილი.
260 ## - PUBLICATION, DISTRIBUTION, ETC.
Place of publication, distribution, etc. თბილისი
260 ## - PUBLICATION, DISTRIBUTION, ETC.
Name of publisher, distributor, etc. განათლება
260 ## - PUBLICATION, DISTRIBUTION, ETC.
Date of publication, distribution, etc. 1986
300 ## - PHYSICAL DESCRIPTION
Extent 112 გვ;20სმ.
300 ## - PHYSICAL DESCRIPTION
Other physical details ბიბლიოგრ. ტექსტის შენიშვნ.
653 ## - INDEX TERM--UNCONTROLLED
Uncontrolled term კილოს კატეგორია ქართულში; ქართული ენის სინტაქსი; ზმნა, ზმნის კილო
653 ## - INDEX TERM--UNCONTROLLED
Uncontrolled term ქართული ენა
942 ## - ADDED ENTRY ELEMENTS (KOHA)
Koha item type წიგნი
ეგზემპლარები
Withdrawn status Lost status Damaged status Not for loan Date acquired Barcode Date last seen Price effective from Koha item type
        2018-12-17 48514 2018-12-17 2018-12-17 წიგნი